000
00293 a2200121 4500
000
nam a22 7a 4500
005
20260206124123.0
020
_a
9788197824791
100
_a
Kanwal Bharti
_9
1114226
245
_a
Bhakti andolan aur nipun kranti
260
_b
Swaraj
_c
2025
942
_c
TEXL
999
_c
1678804
_d
1678804